000 00724cam a2200229 i 4500
008
020 _a9781501318122 (pbk.)
049 _aMAIN
090 0 _aREF T386.A97
_bSEI
100 1 _aSeidler, Douglas R.
245 1 0 _aDigital drawing for designers :
_bA visual guide to AutoCAD 2017 /
_cDouglas R. Seidler.
260 _aNew York :
_bFairchild Books, an imprint of Bloomsbury Publishing Inc.,
_c2017.
300 _axvii, 254 p. ;
_c28 cm.
500 _aIncludes index.
650 0 _aComputer-aided design.
630 0 0 _aAutoCAD.
907 _a.b10388047
_b07-09-18
_c23-01-18
003
005 20230120191439.0
040 _cNUST
942 _cBOOKS
_kREF T386.A97
_mSEI
999 _c101296
_d101296